Huck Finn among the critics : (Record no. 200468191)

MARC details
000 -LEADER
fixed length control field 01137cam a2200361 i 4500
001 - CONTROL NUMBER
control field 200468191
003 - CONTROL NUMBER IDENTIFIER
control field TR-AnTOB
005 - DATE AND TIME OF LATEST TRANSACTION
control field 20260417171323.0
007 - PHYSICAL DESCRIPTION FIXED FIELD--GENERAL INFORMATION
fixed length control field ta
008 - FIXED-LENGTH DATA ELEMENTS--GENERAL INFORMATION
fixed length control field 260417s1984 mduab b 000 0 eng d
010 ## - LIBRARY OF CONGRESS CONTROL NUMBER
LC control number 85017776
020 ## - INTERNATIONAL STANDARD BOOK NUMBER
International Standard Book Number 0890937478
International Standard Book Number 089093746X
Qualifying information pbk.
International Standard Book Number 9780890937471
035 ## - SYSTEM CONTROL NUMBER
System control number 3332776
040 ## - CATALOGING SOURCE
Original cataloging agency DLC
Language of cataloging eng
Description conventions rda
Transcribing agency DLC
Modifying agency DLC
-- TR-AnTOB
041 0# - LANGUAGE CODE
Language code of text/sound track or separate title İngilizce
050 00 - LIBRARY OF CONGRESS CALL NUMBER
Classification number PS1305
Item number .H83 1984
090 ## - LOCALLY ASSIGNED LC-TYPE CALL NUMBER (OCLC); LOCAL CALL NUMBER (RLIN)
Classification number (OCLC) (R) ; Classification number, CALL (RLIN) (NR) PS1305
Local cutter number (OCLC) ; Book number/undivided call number, CALL (RLIN) .H83 1984 TıpFaK
245 00 - TITLE STATEMENT
Title Huck Finn among the critics :
Remainder of title a centennial selection /
Statement of responsibility, etc. edited by M. Thomas Inge.
264 #1 - PRODUCTION, PUBLICATION, DISTRIBUTION, MANUFACTURE, AND COPYRIGHT NOTICE
Place of production, publication, distribution, manufacture Frederick, Md. :
Name of producer, publisher, distributor, manufacturer University Publications of America,
Date of production, publication, distribution, manufacture, or copyright notice 1984.
300 ## - PHYSICAL DESCRIPTION
Extent xi, 465 pages :
Other physical details illustration, map ;
Dimensions 23 cm
336 ## - CONTENT TYPE
Content type term text
Content type code txt
Source rdacontent
337 ## - MEDIA TYPE
Media type term unmediated
Media type code n
Source rdamedia
338 ## - CARRIER TYPE
Carrier type term volume
Carrier type code nc
Source rdacarrier
504 ## - BIBLIOGRAPHY, ETC. NOTE
Bibliography, etc. note Includes bibliographical references.
600 10 - SUBJECT ADDED ENTRY--PERSONAL NAME
Personal name Twain, Mark,
Dates associated with a name 1835-1910
Title of a work Adventures of Huckleberry Finn.
9 (RLIN) 116971
Personal name Finn, Huckleberry
Titles and other words associated with a name (Fictitious character)
9 (RLIN) 90706
700 1# - ADDED ENTRY--PERSONAL NAME
Personal name Inge, M. Thomas.
Relator term editor
9 (RLIN) 153077
942 ## - ADDED ENTRY ELEMENTS (KOHA)
Source of classification or shelving scheme Library of Congress Classification
Koha item type Book
Holdings
Withdrawn status Lost status Source of classification or shelving scheme Not for loan Collection code Home library Current library Shelving location Date acquired Source of acquisition Inventory number Total Checkouts Full call number Date last seen Date shelved Koha item type Public note
    Library of Congress Classification Ödünç Verilemez-Kurumiçi kullanım / Not for loan-For inhouse use Genel Koleksiyon Tıp Fakültesi Medikal Kütüphane Tıp Fakültesi Medikal Kütüphane Genel Koleksiyon / Main Collection 17/04/2026 Bağış / Donation İDE   PS1305 .H83 1984 TıpFaK 17/04/2026 17/04/2026 Book Donated by Prof. Dr. Şükrü Cin.
Devinim Yazılım Eğitim Danışmanlık tarafından Koha'nın orjinal sürümü uyarlanarak geliştirilip kurulmuştur.